000 00839nab a2200253 u 4500
001 11158
003 HDC
007 cr bn ---aaaaa
008 210206c9999 |r|noo 0 a eng d
040 _aHDC
100 _aJohnston, Chris
_911396
245 0 _aWhy halal certification is in turmoil / by
_cChris Johnston
260 _a[no place] :
_b[publisher not identified],
_c[no year]
336 _atext
_2rdacontent
337 _acomputer
_2rdamedia
338 _aonline resource
_2rdacarrier
650 _ahalal certification
_9753
650 _aHalal products
_9642
710 _aBrisbane Times
856 _zRequest full-text at [email protected]
942 _2lcc
942 _cNEWS
942 _kNWSO 001264
999 _c8481
_d8481